Normal view
MARC view
Entry Personal Name
001 - CONTROL NUMBER
- control field: 77312
003 - CONTROL NUMBER IDENTIFIER
- control field: dpl
005 - DATE AND TIME OF LATEST TRANSACTION
- control field: 20250203105432.0
008 - FIXED-LENGTH DATA ELEMENTS
- fixed length control field: 250203|| aca||aabn | a|a d
040 ## - CATALOGING SOURCE
- Original cataloging agency: dpl
- Transcribing agency: dpl
100 ## - HEADING--PERSONAL NAME
- Personal name: Markanda , P.C
670 ## - SOURCE DATA FOUND
- Source citation: Work cat.: (dpl)208914: Markanda , P.C., Commentary on The Mediation Act, 2023 /, 2025
